00375 2200157 4500245003600000020002200036100001700058650001400075650003000089005001900119260002600138041001400164084001100178300001900189336000900208 aMau Ke Mana Setelah SMK ?hText a978-602-7596-40-5 aWulan Ayodya aCita-cita aMotivasi dalam Pendidikan a20230109101935 aJakartabEsensic2013 aIndonesia a370.15 aix :c189 hlm. atext